[Event "Catalunya-chT Gp2"]
[Site "Barcelona"]
[Date "2016.02.27"]
[Round "6.3"]
[White "Martinez Gutierrez, Bernat"]
[Black "Obon Temprano, Sergi"]
[Result "0-1"]
[WhiteElo "2075"]
[BlackElo "2294"]
[PlyCount "80"]
[EventDate "2016.01.23"]
[EventType "team-tourn"]
[EventRounds "7"]
[EventCountry "ESP"]
[SourceTitle "EXT 2017"]
[Source "ChessBase"]
[SourceDate "2016.10.25"]
[SourceVersion "1"]
[SourceVersionDate "2016.10.25"]
[SourceQuality "1"]
[WhiteTeam "Sant Boi"]
[BlackTeam "Barbera"]
[WhiteTeamCountry "ESP"]
[BlackTeamCountry "ESP"]

1. c4 c6 2. g3 d5 3. Bg2 Nf6 4. Nf3 e6 5. 0-0 Nbd7 6. b3 Bd6 7. Bb2 0-0 8. d3 Qe7 9. e3 Rd8 10. Qe2 e5 11. cxd5 cxd5 12. Rc1 e4 13. Nd4 Ne5 14. dxe4 dxe4 15. h3 Nd3 16. Rc4 Nxb2 17. Qxb2 Be5 18. Qa3 Qe8 19. Nc3 a6 20. Nce2 Bd7 21. Rac1 Bb5 22. R4c2 Bd3 23. Rd2 Nd5 24. Qb2 Rac8 25. a3 Rxc1+ 26. Nxc1 Bxd4 27. Qxd4 Nf4 28. Qxd8 Qxd8 29. gxf4 Qa5 30. Rd1 Bc2 31. b4 Qc7 32. Rd4 f5 33. Bf1 b5 34. Rd5 Bb1 35. Nb3 Qc3 36. Nc5 Qxa3 37. Rxf5 Qxb4 38. Rd5 a5 39. Ne6 Bd3 40. Rd7 Qe1 0-1

[Event "Sant Boi City-ch"]
[Site "Sant Boi de Llobregat"]
[Date "2015.11.07"]
[Round "6"]
[White "Blasco Coll, Andreu"]
[Black "Martinez Gutierrez, Bernat"]
[Result "1-0"]
[WhiteElo "2293"]
[BlackElo "2220"]
[PlyCount "129"]
[EventDate "2015.10.03"]
[EventType "tourn"]
[EventRounds "9"]
[EventCountry "ESP"]
[SourceTitle "CBM 170 Extra"]
[Source "ChessBase"]
[SourceDate "2016.02.25"]
[SourceVersion "1"]
[SourceVersionDate "2016.02.25"]
[SourceQuality "1"]

1. d4 d5 2. c4 c6 3. Nf3 Nf6 4. Nc3 dxc4 5. a4 Bf5 6. Ne5 Nbd7 7. Nxc4 Nb6 8. Ne5 a5 9. Bg5 Nfd7 10. Nd3 h6 11. Bh4 g5 12. Bg3 Bg7 13. e3 Rc8 14. Be2 c5 15. Nxc5 Nxc5 16. dxc5 Qxd1+ 17. Rxd1 Rxc5 18. Bb5+ Bd7 19. Bxd7+ Nxd7 20. Nd5 Be5 21. Bxe5 Nxe5 22. 0-0 Nc6 23. f4 0-0 24. fxg5 hxg5 25. Rf5 Rc2 26. Rxg5+ Kh7 27. e4 Rg8 28. Rh5+ Kg7 29. b3 Kf8 30. Ne3 Rc3 31. Nc4 Rg4 32. Nd2 e5 33. Rf1 Rc2 34. h3 Rg7 35. Rf2 Rb2 36. Nc4 Rxb3 37. Nxe5 Nxe5 38. Rxe5 Rxh3 39. Rxa5 Re3 40. Rb2 Rg4 41. e5 Ra3 42. Ra8+ Kg7 43. a5 Rg5 44. e6 Rgxa5 45. Rxa5 Rxa5 46. Rxb7 Kf6 47. exf7 Ra8 48. Kf2 Ra2+ 49. Kf3 Ra3+ 50. Kg4 Ra4+ 51. Kh5 Ra8 52. g3 Rc8 53. Kh4 Rh8+ 54. Kg4 Ra8 55. Rd7 Rb8 56. Kf4 Rb4+ 57. Ke3 Kg7 58. Kf3 Ra4 59. g4 Ra8 60. Kf4 Ra4+ 61. Kf5 Ra5+ 62. Ke6 Ra1 63. Ke7 Re1+ 64. Kd8 Rf1 65. Ke8 1-0

[Event "Barcelona Sants op 16th"]
[Site "Barcelona"]
[Date "2014.08.27"]
[Round "6"]
[White "Boix Moreno, Daniel"]
[Black "Martinez Gutierrez, Bernat"]
[Result "0-1"]
[WhiteElo "2267"]
[BlackElo "2061"]
[PlyCount "90"]
[EventDate "2014.08.22"]
[EventType "swiss"]
[EventRounds "10"]
[EventCountry "ESP"]
[SourceTitle "CBM 162 Extra"]
[Source "ChessBase"]
[SourceDate "2014.10.17"]
[SourceVersion "1"]
[SourceVersionDate "2014.10.17"]
[SourceQuality "1"]

1. e4 c5 2. Nf3 Nc6 3. Bb5 d6 4. 0-0 Bd7 5. Re1 a6 6. Bf1 Bg4 7. h3 Bxf3 8. Qxf3 Nf6 9. c3 e6 10. d3 Be7 11. Qd1 0-0 12. Nd2 Rc8 13. Nf3 Ne5 14. Nh2 Nc6 15. a3 Qb6 16. Rb1 Rfd8 17. Bd2 e5 18. c4 Qc7 19. Nf3 Nd7 20. b4 cxb4 21. axb4 b5 22. cxb5 axb5 23. d4 exd4 24. Bxb5 Qb6 25. Bf1 Nce5 26. Qb3 h6 27. Nh2 Bh4 28. g3 Bf6 29. f4 Nc6 30. Bd3 Na7 31. Nf3 Nb5 32. e5 dxe5 33. fxe5 Rc3 34. Bxc3 dxc3+ 35. Kg2 Nxe5 36. Rxe5 Nd4 37. Qa4 Bxe5 38. Nxe5 Qb7+ 39. Kf2 Ra8 40. Qd1 Ra2+ 41. Ke3 c2 42. Qc1 cxb1Q 43. Bxb1 Re2+ 44. Kxd4 Qxb4+ 45. Nc4 Re1 0-1

[Event "Vilafranca del Penedes op 8th"]
[Site "Vilafranca del Penedes"]
[Date "2014.04.25"]
[Round "4"]
[White "Gallego Bergada, Antoni"]
[Black "Martinez Gutierrez, Bernat"]
[Result "1-0"]
[WhiteElo "2221"]
[BlackElo "2185"]
[PlyCount "97"]
[EventDate "2014.03.28"]
[EventType "swiss"]
[EventRounds "8"]
[EventCountry "ESP"]
[SourceTitle "EXT 2015"]
[Source "ChessBase"]
[SourceDate "2014.11.20"]
[SourceVersion "1"]
[SourceVersionDate "2014.11.20"]
[SourceQuality "1"]

1. e4 c5 2. Nf3 Nc6 3. d4 cxd4 4. Nxd4 Nf6 5. Nc3 e5 6. Ndb5 d6 7. Nd5 Nxd5 8. exd5 Nb8 9. c4 Be7 10. Be3 0-0 11. Bd3 f5 12. 0-0 a6 13. Nc3 Nd7 14. f3 Bg5 15. Bf2 Nf6 16. Qc2 Nh5 17. g3 Bd7 18. b4 Rc8 19. a4 Qe8 20. a5 Be7 21. Na4 g5 22. Nb6 Rc7 23. Rac1 Qg6 24. Qe2 Nf6 25. Rfe1 h5 26. c5 g4 27. f4 e4 28. Bc4 Kh7 29. Nxd7 Nxd7 30. c6 bxc6 31. dxc6 Rxc6 32. Bg8+ Qxg8 33. Rxc6 Nb8 34. Rc7 Re8 35. Ba7 Qe6 36. Rec1 Kg6 37. Qc4 d5 38. Qd4 Bf6 39. Qb6 Qg8 40. Rb7 d4 41. Rxb8 Qb3 42. Rf1 Qe3+ 43. Kg2 h4 44. Rxe8 Qe2+ 45. Kg1 h3 46. Rg8+ Kf7 47. Rf8+ Kxf8 48. Qxf6+ Kg8 49. Qg6+ 1-0

[Event "Foment Martinenc op-A 15th"]
[Site "Barcelona"]
[Date "2013.06.01"]
[Round "7"]
[White "Gonzalez Martin, Fernando"]
[Black "Martinez Gutierrez, Bernat"]
[Result "1-0"]
[WhiteElo "1943"]
[BlackElo "2066"]
[PlyCount "137"]
[EventDate "2013.04.20"]
[EventType "swiss"]
[EventRounds "9"]
[EventCountry "ESP"]
[SourceTitle "CBM 154 Extra"]
[Source "ChessBase"]
[SourceDate "2013.06.25"]
[SourceVersion "2"]
[SourceVersionDate "2013.06.25"]
[SourceQuality "1"]

1. d4 d5 2. c4 c6 3. Nf3 Nf6 4. g3 g6 5. Bg2 Bg7 6. 0-0 0-0 7. b3 Be6 8. Nbd2 Nbd7 9. Bb2 a5 10. a3 h6 11. Rc1 Qb8 12. e3 Bf5 13. Ne5 Rd8 14. Qe2 Nxe5 15. dxe5 Nd7 16. g4 Be6 17. f4 f5 18. gxf5 gxf5 19. cxd5 cxd5 20. Qb5 Nf8 21. Rc2 Bf7 22. Rfc1 Be8 23. Qc5 e6 24. Bd4 Ng6 25. Nf3 Bf8 26. Qb6 Ra6 27. Qc7 Qxc7 28. Rxc7 Bc6 29. a4 Ba3 30. Rc2 Nf8 31. Bf1 Raa8 32. Bb6 Rdb8 33. Bc5 Bxc5 34. Rxc5 Be8 35. Nd4 b6 36. Rc2 Bd7 37. Bb5 Rd8 38. Bxd7 Rxd7 39. Rxd7 Nxd7 40. Nxe6 Kf7 41. Nd4 Nc5 42. e6+ Kf6 43. e7 Rg8+ 44. Rg2 Re8 45. h4 Rxe7 46. h5 Rxe3 47. Rg6+ Kf7 48. Rxb6 Ne6 49. Nxe6 Rxe6 50. Rb5 Re4 51. Rxa5 Rxf4 52. Rxd5 Kf6 53. a5 Rb4 54. Rd3 Ke5 55. a6 Rb6 56. a7 Ra6 57. Rd7 f4 58. b4 Ke4 59. b5 Ra2 60. b6 Kf3 61. Rd2 Ra1+ 62. Kh2 Ke3 63. Rd8 Ra2+ 64. Kh3 Ra5 65. Kh4 f3 66. a8Q Rxa8 67. Rxa8 Kf2 68. Rf8 Kg2 69. b7 1-0

[Event "Foment Martinenc op-A 15th"]
[Site "Barcelona"]
[Date "2013.05.18"]
[Round "5"]
[White "Porta Tovar, Oriol"]
[Black "Martinez Gutierrez, Bernat"]
[Result "1-0"]
[WhiteElo "2033"]
[BlackElo "2066"]
[PlyCount "69"]
[EventDate "2013.04.20"]
[EventType "swiss"]
[EventRounds "9"]
[EventCountry "ESP"]
[SourceTitle "CBM 154 Extra"]
[Source "ChessBase"]
[SourceDate "2013.06.25"]
[SourceVersion "2"]
[SourceVersionDate "2013.06.25"]
[SourceQuality "1"]

1. e4 c5 2. Nf3 e6 3. d4 cxd4 4. Nxd4 a6 5. Nc3 Qc7 6. Bd3 b5 7. f4 Bb7 8. Qf3 Nf6 9. g4 d5 10. e5 b4 11. Nce2 Ne4 12. Be3 Nd7 13. Rf1 Rc8 14. Bxe4 dxe4 15. Qf2 h5 16. h3 hxg4 17. hxg4 Be7 18. 0-0-0 Qa5 19. Kb1 Bd5 20. b3 Bc5 21. Qg3 Qd8 22. Rh1 Ke7 23. f5 Qc7 24. fxe6 fxe6 25. Bg5+ Kf7 26. Rdf1+ Kg8 27. Rxh8+ Kxh8 28. Rh1+ Kg8 29. Qh4 Nxe5 30. Qh8+ Kf7 31. Qh5+ Kg8 32. Bf6 Nd7 33. Qh8+ Kf7 34. Qxg7+ Ke8 35. Qg6+ 1-0

[Event "Foment Martinenc op-A 15th"]
[Site "Barcelona"]
[Date "2013.04.20"]
[Round "1"]
[White "Sobrevia Castellar, Lluis"]
[Black "Martinez Gutierrez, Bernat"]
[Result "0-1"]
[WhiteElo "1872"]
[BlackElo "2066"]
[PlyCount "68"]
[EventDate "2013.04.20"]
[EventType "swiss"]
[EventRounds "9"]
[EventCountry "ESP"]
[SourceTitle "CBM 154 Extra"]
[Source "ChessBase"]
[SourceDate "2013.06.25"]
[SourceVersion "2"]
[SourceVersionDate "2013.06.25"]
[SourceQuality "1"]

1. d4 d5 2. Nf3 Nf6 3. e3 Bf5 4. c4 e6 5. Nc3 c6 6. Bd3 Bg6 7. Bxg6 hxg6 8. b3 Nbd7 9. Qd3 Bd6 10. h3 Qe7 11. Bb2 0-0 12. Rd1 Rfd8 13. e4 dxe4 14. Nxe4 Nxe4 15. Qxe4 Bb4+ 16. Nd2 Qg5 17. f4 Qh4+ 18. Ke2 Nf6 19. Qf3 Nh5 20. Ke3 Ng3 21. Rhe1 Nf5+ 22. Kd3 Nxd4 23. Bxd4 Bxd2 24. Kxd2 Rxd4+ 25. Ke3 c5 26. Rxd4 cxd4+ 27. Kd2 Rd8 28. Re4 Qe7 29. Kd3 Qc5 30. Qf2 b5 31. Qc2 a6 32. cxb5 Qxb5+ 33. Qc4 Qb7 34. Rxd4 Rc8 0-1

[Event "Fincas Mediterranea 1st"]
[Site "Castelldefels"]
[Date "2004.08.20"]
[Round "3"]
[White "Martinez Gutierrez, Bernat"]
[Black "Hernando Rodrigo, Jose Maria"]
[Result "1/2-1/2"]
[WhiteElo "2056"]
[BlackElo "2381"]
[PlyCount "95"]
[EventDate "2004.08.18"]
[EventType "swiss"]
[EventRounds "9"]
[EventCountry "ESP"]
[SourceTitle "EXT 2005"]
[Source "ChessBase"]
[SourceDate "2004.11.15"]
[SourceVersion "1"]
[SourceVersionDate "2004.11.15"]
[SourceQuality "1"]

1. e4 d5 2. exd5 Qxd5 3. Nc3 Qa5 4. d4 Nf6 5. Nf3 Bg4 6. h3 Bh5 7. g4 Bg6 8. Ne5 e6 9. h4 Bb4 10. Bd2 Nbd7 11. Nxd7 Kxd7 12. Bg2 Qa6 13. Rh3 h5 14. g5 Bxc3 15. Rxc3 Nd5 16. Bxd5 exd5 17. Qf3 Rae8+ 18. Be3 Re4 19. Qg3 Rc8 20. a3 b5 21. Rc5 Qe6 22. 0-0-0 Rg4 23. Qh2 Qe4 24. Qh1 c6 25. Qe1 Rxh4 26. Qa5 Rc7 27. a4 bxa4 28. Qxa4 Rh1 29. b4 Rxd1+ 30. Kxd1 h4 31. b5 h3 32. Rxc6 Rxc6 33. bxc6+ Kd6 34. c7 Bf5 35. Qa6+ Kxc7 36. Qxa7+ Kc8 37. Qa6+ Kd7 38. Qb5+ Kd6 39. Qb6+ Ke7 40. Qb4+ Kd8 41. Qb6+ Ke7 42. Qb4+ Kd7 43. Qb5+ Kd8 44. Qb6+ Ke8 45. Qb8+ Ke7 46. Qb4+ Ke6 47. Qb6+ Kd7 48. Qb5+ 1/2-1/2

[Event "Badalona op-A 10th"]
[Site "Barcelona"]
[Date "2002.04.21"]
[Round "1"]
[White "Martinez Gutierrez, Bernat"]
[Black "Rios Parra, Alejandro"]
[Result "0-1"]
[WhiteElo "2025"]
[BlackElo "2410"]
[PlyCount "54"]
[EventDate "2002.04.21"]
[EventType "swiss"]
[EventRounds "9"]
[EventCountry "ESP"]
[SourceTitle "CBM 088 Extra"]
[Source "ChessBase"]
[SourceDate "2002.07.01"]
[SourceVersion "2"]
[SourceVersionDate "2002.07.01"]
[SourceQuality "1"]

1. d4 Nf6 2. Bg5 c5 3. Nc3 cxd4 4. Qxd4 Nc6 5. Qh4 e6 6. e4 Be7 7. f4 d6 8. Nf3 Qa5 9. 0-0-0 a6 10. Kb1 Bd7 11. Bd3 0-0-0 12. f5 exf5 13. Nd5 Nxd5 14. exd5 Bxg5 15. Qxg5 Qxd5 16. Bxa6 Qc5 17. Bd3 g6 18. Qf6 Be6 19. Rhe1 Rhe8 20. Qh4 Ne5 21. Qa4 Nxf3 22. gxf3 Kc7 23. a3 Ra8 24. Qf4 Qd5 25. Bc4 Qc6 26. Rd4 g5 27. Bb5 gxf4 0-1

[Event "UGA Inverno op"]
[Site "Barcelona"]
[Date "2002.??.??"]
[Round "1"]
[White "Martinez Gutierrez, Bernat"]
[Black "Munoz Munoz, Teresa"]
[Result "1-0"]
[WhiteElo "2055"]
[BlackElo "1840"]
[PlyCount "49"]
[EventDate "2002.01.21"]
[EventType "swiss"]
[EventRounds "7"]
[EventCountry "ESP"]
[SourceTitle "EXT 2003"]
[Source "ChessBase"]
[SourceDate "2002.11.25"]
[SourceVersion "1"]
[SourceVersionDate "2002.11.25"]
[SourceQuality "1"]

1. e4 e5 2. Nf3 Nf6 3. Nxe5 d6 4. Nf3 Nxe4 5. Bd3 d5 6. 0-0 Be7 7. c3 Bf5 8. Bc2 0-0 9. d3 Nf6 10. Ne5 Bd6 11. f4 Nbd7 12. Qf3 Bxe5 13. fxe5 Bg4 14. Qg3 Nxe5 15. Qxe5 Re8 16. Qg3 d4 17. Bg5 h5 18. Bxf6 gxf6 19. h3 Re3 20. Rf3 Qe7 21. Rxe3 dxe3 22. hxg4 Re8 23. gxh5+ Kf8 24. h6 e2 25. Qg7# 1-0

[Event "Barceloneta op"]
[Site "Barcelona"]
[Date "2001.10.13"]
[Round "3"]
[White "Chalmeta Ugas, Jordi Ramon"]
[Black "Martinez Gutierrez, Bernat"]
[Result "1-0"]
[WhiteElo "1995"]
[BlackElo "2057"]
[PlyCount "59"]
[EventDate "2001.09.29"]
[EventType "swiss"]
[EventRounds "9"]
[EventCountry "ESP"]
[SourceTitle "CBM 085 Extra"]
[Source "ChessBase"]
[SourceDate "2002.01.21"]
[SourceVersion "1"]
[SourceVersionDate "2002.01.21"]
[SourceQuality "1"]

1. d4 d5 2. Nf3 Nf6 3. Bf4 e6 4. e3 Bd6 5. Bg3 c5 6. c3 Nc6 7. Bd3 0-0 8. Nbd2 Re8 9. Ne5 Qc7 10. Ndf3 c4 11. Bc2 b5 12. Nxc6 Qxc6 13. Ne5 Qc7 14. a3 Bb7 15. 0-0 a5 16. f4 b4 17. axb4 axb4 18. Ng4 Ne4 19. Rxa8 Rxa8 20. Bxe4 dxe4 21. cxb4 Qb6 22. Be1 Bd5 23. Qc2 Rb8 24. Ne5 Bxb4 25. Nd7 Qa5 26. Nxb8 Bxe1 27. Nd7 Bd2 28. Kf2 c3 29. bxc3 Bxc3 30. Rc1 1-0

[Event "Barcelona Sants op 03rd"]
[Site "Barcelona"]
[Date "2001.??.??"]
[Round "?"]
[White "Almeria Vivo, Marc"]
[Black "Martinez Gutierrez, Bernat"]
[Result "1-0"]
[WhiteElo "2084"]
[BlackElo "2042"]
[PlyCount "49"]
[EventDate "2001.08.??"]
[EventType "swiss"]
[EventRounds "9"]
[EventCountry "ESP"]
[SourceTitle "EXT 2005"]
[Source "ChessBase"]
[SourceDate "2004.11.15"]
[SourceVersion "1"]
[SourceVersionDate "2004.11.15"]
[SourceQuality "1"]

1. e4 c5 2. Nf3 Nc6 3. Bb5 g6 4. c3 Bg7 5. 0-0 Nf6 6. Re1 0-0 7. d4 cxd4 8. cxd4 d5 9. e5 Ne4 10. Nc3 Nxc3 11. bxc3 Qa5 12. Qa4 Qxa4 13. Bxa4 Bg4 14. Ba3 Bxf3 15. gxf3 Rfc8 16. Rab1 b6 17. e6 f5 18. Rb5 Kf8 19. Rxd5 Na5 20. Bb4 Nc4 21. Bb5 a5 22. Bxe7+ Kxe7 23. Rd7+ Kf6 24. Rf7+ Kg5 25. Rxg7 1-0

[Event "Barcelona Sants op 03rd"]
[Site "Barcelona"]
[Date "2001.??.??"]
[Round "?"]
[White "Martinez Gutierrez, Bernat"]
[Black "Gonzalez Garcia, Marc"]
[Result "1/2-1/2"]
[WhiteElo "2042"]
[BlackElo "2067"]
[PlyCount "43"]
[EventDate "2001.08.??"]
[EventType "swiss"]
[EventRounds "9"]
[EventCountry "ESP"]
[SourceTitle "EXT 2005"]
[Source "ChessBase"]
[SourceDate "2004.11.15"]
[SourceVersion "1"]
[SourceVersionDate "2004.11.15"]
[SourceQuality "1"]

1. e4 d5 2. exd5 Qxd5 3. Nc3 Qd8 4. Nf3 Nf6 5. d3 c6 6. g3 Bg4 7. Bg2 Nbd7 8. h3 Bh5 9. 0-0 e6 10. a3 Bd6 11. Ne2 Ne5 12. Nf4 Bxf3 13. Bxf3 Nxf3+ 14. Qxf3 0-0 15. Bd2 Qc7 16. Rfe1 Be5 17. c3 Rfe8 18. d4 Bd6 19. Nd3 Nd7 20. Bf4 Bxf4 21. Nxf4 e5 22. dxe5 1/2-1/2

[Event "Barcelona Sants op 03rd"]
[Site "Barcelona"]
[Date "2001.??.??"]
[Round "?"]
[White "Planas, Rosendo"]
[Black "Martinez Gutierrez, Bernat"]
[Result "1-0"]
[WhiteElo "2206"]
[BlackElo "2042"]
[PlyCount "89"]
[EventDate "2001.08.??"]
[EventType "swiss"]
[EventRounds "9"]
[EventCountry "ESP"]
[SourceTitle "EXT 2005"]
[Source "ChessBase"]
[SourceDate "2004.11.15"]
[SourceVersion "1"]
[SourceVersionDate "2004.11.15"]
[SourceQuality "1"]

1. d4 d5 2. Nf3 Nf6 3. Bg5 Ne4 4. Bf4 Bf5 5. Nbd2 Nd7 6. Nxe4 Bxe4 7. e3 e6 8. Be2 Nf6 9. c3 c6 10. 0-0 Bd6 11. Ne5 Qc7 12. a4 a5 13. Bg3 Nd7 14. f4 Nf6 15. c4 dxc4 16. Nxc4 0-0 17. Nd2 Bg6 18. Rc1 Ne4 19. Be1 Nxd2 20. Bxd2 Be4 21. Bf3 Bxf3 22. Rxf3 Rfd8 23. Rh3 Qb6 24. Bc3 Bf8 25. Kh1 Bb4 26. Qb3 Bc5 27. Qc2 Bb4 28. Qxh7+ Kf8 29. Qc2 Bxc3 30. Qxc3 Ke7 31. Rh5 Rd5 32. Rxd5 exd5 33. Qc5+ Qxc5 34. Rxc5 Re8 35. Kg1 Kd6 36. Kf2 b6 37. Rc1 Re4 38. b3 c5 39. Rd1 Kc6 40. Ke2 Kd6 41. g3 Re8 42. Kd3 Rh8 43. h4 f5 44. Rg1 g6 45. g4 1-0

[Event "Sant Boi op-A"]
[Site "Sant Boi de Llobregat"]
[Date "2000.06.09"]
[Round "5"]
[White "Martinez Gutierrez, Bernat"]
[Black "Ramirez Gonzalez, Joan Luis"]
[Result "0-1"]
[WhiteElo "2040"]
[BlackElo "2310"]
[PlyCount "40"]
[EventDate "2000.05.12"]
[EventType "swiss"]
[EventRounds "7"]
[EventCountry "ESP"]
[SourceTitle "EXT 2003"]
[Source "ChessBase"]
[SourceDate "2002.11.25"]
[SourceVersion "1"]
[SourceVersionDate "2002.11.25"]
[SourceQuality "1"]

1. e4 c6 2. d4 d5 3. e5 Bf5 4. Nc3 e6 5. g4 Bg6 6. Nge2 c5 7. h4 h5 8. Nf4 Nc6 9. Nxg6 fxg6 10. Qd3 cxd4 11. Qxg6+ Kd7 12. Qf7+ Qe7 13. Qxe7+ Ngxe7 14. Ne2 hxg4 15. Bg5 Ng6 16. 0-0-0 Bc5 17. b4 Nxb4 18. Nxd4 Nxa2+ 19. Kb2 Nb4 20. Bb5+ Nc6 0-1